[Event "First Saturday Tournaments - G"]
[Site "Budapest"]
[Date "2012.06.02"]
[Round "1.2"]
[White "Varga, Zoltan"]
[Black "Franco Alonso, Alejandro"]
[Result "1/2-1/2"]
[WhiteElo "2451"]
[BlackElo "2463"]
[PlyCount "31"]
[EventDate "2012.06.02"]

1. c4 e6 2. Nc3 d5 3. d4 Be7 4. Bf4 Nf6 5. e3 O-O 6. Rc1 Nbd7 7. h3 c5 8. dxc5
Nxc5 9. cxd5 Nxd5 10. Nxd5 exd5 11. a3 Ne6 12. Be5 Bf6 13. Nf3 Bxe5 14. Nxe5 d4
15. Qd2 Qd6 16. Nf3 1/2-1/2

[Event "First Saturday Tournaments - G"]
[Site "Budapest"]
[Date "2012.06.02"]
[Round "1.3"]
[White "Rajlich, Iweta"]
[Black "Wittmann, Walter"]
[Result "1-0"]
[WhiteElo "2441"]
[BlackElo "2276"]
[PlyCount "87"]
[EventDate "2012.06.02"]

1. g3 Nf6 2. Bg2 d5 3. c4 e6 4. Nf3 c6 5. b3 Nbd7 6. Bb2 Be7 7. O-O O-O 8. Qc2
b6 9. d3 Bb7 10. e4 dxe4 11. dxe4 Qc7 12. e5 Ng4 13. Qe4 Nh6 14. Qe2 Rfd8 15.
Nc3 Nc5 16. Rad1 Rxd1 17. Rxd1 Rd8 18. Ba3 Rxd1+ 19. Qxd1 Ng4 20. Qd4 h5 21. h3
Nh6 22. Qd1 Nf5 23. g4 hxg4 24. hxg4 Nh6 25. Bh3 Kf8 26. Bxc5 Bxc5 27. Qd3 Be7
28. g5 Ng8 29. Ne4 c5 30. Nd6 g6 31. Nh4 Qd7 32. f4 Bc6 33. Bg2 Bxg2 34. Nxg2
Bd8 35. Ne3 Ne7 36. Ng4 Nf5 37. Qh3 Nxd6 38. Qh8+ Ke7 39. Nf6 Qc8 40. a4 Qb8
41. exd6+ Kxd6 42. Qe8 Qc8 43. Kf2 Kc7 44. Qxf7+ 1-0

[Event "First Saturday Tournaments - G"]
[Site "Budapest"]
[Date "2012.06.03"]
[Round "2.1"]
[White "Boros, Denes"]
[Black "Wittmann, Walter"]
[Result "1-0"]
[WhiteElo "2475"]
[BlackElo "2276"]
[PlyCount "53"]
[EventDate "2012.06.02"]

1. e4 c5 2. Nf3 Nc6 3. d4 cxd4 4. Nxd4 Nf6 5. Nc3 d6 6. Bg5 e6 7. Qd2 Be7 8.
O-O-O Nxd4 9. Qxd4 O-O 10. f4 h6 11. h4 Qa5 12. Kb1 Rd8 13. Bd3 Kf8 14. Qe3 d5
15. exd5 exd5 16. Rde1 Be6 17. f5 d4 18. Qf4 dxc3 19. fxe6 Qb6 20. b3 Qc5 21.
Qf3 Rd4 22. Bxf6 Bxf6 23. Qxb7 fxe6 24. Bg6 Qe7 25. Qxa8+ Rd8 26. Qxd8+ Qxd8
27. Rxe6 1-0

[Event "First Saturday Tournaments - G"]
[Site "Budapest"]
[Date "2012.06.03"]
[Round "2.2"]
[White "Franco Alonso, Alejandro"]
[Black "Rajlich, Iweta"]
[Result "1/2-1/2"]
[WhiteElo "2463"]
[BlackElo "2441"]
[PlyCount "93"]
[EventDate "2012.06.02"]

1. Nf3 c5 2. c4 Nc6 3. d4 cxd4 4. Nxd4 Nf6 5. Nc3 e6 6. a3 Be7 7. e4 O-O 8. Be2
d5 9. exd5 exd5 10. cxd5 Nxd5 11. Nxc6 bxc6 12. Bd2 Bf6 13. O-O Nxc3 14. Bxc3
Bxc3 15. bxc3 Be6 16. Qa4 Bd5 17. Rfe1 Re8 18. Bf1 Qb6 19. Rab1 Qc5 20. Qb4 Qf8
21. Qa5 Rxe1 22. Rxe1 g6 23. g3 Qd8 24. Qxd8+ Rxd8 25. Bg2 Kf8 26. Rb1 Ke7 27.
Kf1 Bc4+ 28. Ke1 c5 29. Rb7+ Kd6 30. Bf3 Rd7 31. Rxd7+ Kxd7 32. Kd2 Kd6 33. h4
h6 34. Ke3 g5 35. hxg5 hxg5 36. Be4 f6 37. Bc2 Ke5 38. f4+ gxf4+ 39. gxf4+ Ke6
40. Bh7 Kd6 41. Bc2 Bg8 42. Bd3 Bb3 43. Be4 Ke6 44. Bd3 Kd6 45. Be2 Bc2 46. Bf3
Bf5 47. Be2 1/2-1/2

[Event "First Saturday Tournaments - G"]
[Site "Budapest"]
[Date "2012.06.03"]
[Round "2.3"]
[White "Lalic, Bogdan"]
[Black "Varga, Zoltan"]
[Result "1/2-1/2"]
[WhiteElo "2507"]
[BlackElo "2451"]
[PlyCount "27"]
[EventDate "2012.06.02"]

1. d4 d5 2. c4 dxc4 3. Nf3 Nf6 4. e3 e6 5. Bxc4 a6 6. a4 c5 7. O-O b6 8. b3 Bb7
9. Bb2 Nc6 10. Nbd2 cxd4 11. Nxd4 Bc5 12. Nxc6 Bxc6 13. Nf3 Qe7 14. Ne5 1/2-1/2

[Event "First Saturday Tournaments - G"]
[Site "Budapest"]
[Date "2012.06.04"]
[Round "3.2"]
[White "Rajlich, Iweta"]
[Black "Lalic, Bogdan"]
[Result "1/2-1/2"]
[WhiteElo "2441"]
[BlackElo "2507"]
[PlyCount "83"]
[EventDate "2012.06.02"]

1. d4 Nf6 2. c4 e6 3. Nc3 Bb4 4. Qc2 O-O 5. Nf3 c5 6. dxc5 Na6 7. g3 Nxc5 8.
Bg2 Nce4 9. O-O Nxc3 10. bxc3 Be7 11. e4 d6 12. e5 dxe5 13. Nxe5 Qc7 14. Qe2
Nd7 15. Bf4 Nxe5 16. Bxe5 Bd6 17. Bxd6 Qxd6 18. Rfd1 Qc7 19. Rab1 Rb8 20. Qe3
b6 21. c5 Bd7 22. cxb6 axb6 23. Qd4 Bc6 24. Qd6 Qxd6 25. Rxd6 Bxg2 26. Kxg2 b5
27. Rc6 g6 28. Rc5 Ra8 29. Rcxb5 Rxa2 30. Rb7 h5 31. c4 Kg7 32. h4 Kf6 33. Rc7
Rc2 34. Rb3 g5 35. Rf3+ Kg6 36. Rc5 f5 37. hxg5 Kxg5 38. Re5 Rxc4 39. Rxe6 h4
40. gxh4+ Rxh4 41. Rg3+ Rg4 42. Rxg4+ 1/2-1/2

[Event "First Saturday Tournaments - G"]
[Site "Budapest"]
[Date "2012.06.04"]
[Round "3.3"]
[White "Wittmann, Walter"]
[Black "Franco Alonso, Alejandro"]
[Result "0-1"]
[WhiteElo "2276"]
[BlackElo "2463"]
[PlyCount "118"]
[EventDate "2012.06.02"]

1. e4 c5 2. Nf3 e6 3. Nc3 d6 4. d4 cxd4 5. Qxd4 Nc6 6. Bb5 Bd7 7. Qd3 Qc7 8.
Bf4 a6 9. Bxc6 bxc6 10. Rd1 e5 11. Bc1 Be7 12. O-O Nf6 13. Rfe1 O-O 14. Nd2 Bg4
15. f3 Be6 16. Nc4 Rfd8 17. Qe2 Nd7 18. Be3 Rab8 19. b3 Rb4 20. Nb2 a5 21. Nd3
Rbb8 22. Na4 f5 23. exf5 Bxf5 24. c4 Kh8 25. Bf2 Bf6 26. Bg3 Re8 27. Nf2 Nf8
28. Ne4 Be7 29. c5 d5 30. Nd6 Bxd6 31. cxd6 Qa7+ 32. Kh1 Ng6 33. h4 Qd7 34. Qe3
d4 35. Qd2 Qxd6 36. Qxa5 Qf6 37. Qc7 Rbc8 38. Qa5 h6 39. Nb6 Rcd8 40. Nc4 {
after 19 move} 40... Rd5 41. Qc7 h5 42. a4 Bc2 43. Rc1 Bxb3 44. Nb6 Rdd8 45. a5
Bd5 46. a6 Qe7 47. Nxd5 cxd5 48. Qc6 Qf6 49. Qb5 Nxh4 50. a7 Nf5 51. Bh2 h4 52.
Ra1 Ng3+ 53. Kg1 e4 54. fxe4 dxe4 55. Bxg3 hxg3 56. Qh5+ Qh6 57. Qh3 d3 58.
Qxg3 d2 59. Red1 e3 0-1

[Event "First Saturday Tournaments - G"]
[Site "Budapest"]
[Date "2012.06.05"]
[Round "4.1"]
[White "Boros, Denes"]
[Black "Franco Alonso, Alejandro"]
[Result "1/2-1/2"]
[WhiteElo "2475"]
[BlackElo "2463"]
[PlyCount "63"]
[EventDate "2012.06.02"]

1. e4 c5 2. Nf3 e6 3. d4 cxd4 4. Nxd4 Nf6 5. Nc3 d6 6. Be3 Nc6 7. Be2 Be7 8.
Qd2 e5 9. Nb3 Nxe4 10. Nxe4 d5 11. Bf3 dxe4 12. Qxd8+ Bxd8 13. Bxe4 Bb6 14.
O-O-O Bxe3+ 15. fxe3 Ke7 16. Bxc6 bxc6 17. Na5 Bd7 18. Rd3 Rhc8 19. Rhd1 Be6
20. e4 Rab8 21. Rc3 c5 22. Nc4 Rb4 23. b3 Bxc4 24. a3 Be2 25. axb4 Bxd1 26.
Kxd1 Rd8+ 27. Ke2 cxb4 28. Rc4 a5 29. Rc5 Ke6 30. Rxa5 Rd4 31. Ke3 h5 32. Ra6+
1/2-1/2

[Event "First Saturday Tournaments - G"]
[Site "Budapest"]
[Date "2012.06.05"]
[Round "4.2"]
[White "Lalic, Bogdan"]
[Black "Wittmann, Walter"]
[Result "1-0"]
[WhiteElo "2507"]
[BlackElo "2276"]
[PlyCount "65"]
[EventDate "2012.06.02"]

1. d4 d5 2. c4 e6 3. Nf3 Nf6 4. Nc3 dxc4 5. e4 Bb4 6. Bg5 h6 7. Bxf6 Qxf6 8.
Bxc4 c5 9. O-O cxd4 10. e5 Qe7 11. Ne4 O-O 12. Qxd4 Nc6 13. Qe3 Qc7 14. Ng3 Rd8
15. Bd3 Bf8 16. Qe4 g6 17. Nh5 Nb4 18. Rac1 Qe7 19. Nf6+ Kh8 20. Bc4 Bg7 21.
Qf4 Nc6 22. Rfd1 Bd7 23. Ne4 Be8 24. Nd6 Kg8 25. Rd2 Na5 26. Be2 Bc6 27. b4
Bxf3 28. Bxf3 Nc6 29. Bxc6 bxc6 30. Rxc6 Rab8 31. g3 Qd7 32. Rdc2 Rf8 33. b5
1-0

[Event "First Saturday Tournaments - G"]
[Site "Budapest"]
[Date "2012.06.05"]
[Round "4.3"]
[White "Varga, Zoltan"]
[Black "Rajlich, Iweta"]
[Result "1-0"]
[WhiteElo "2451"]
[BlackElo "2441"]
[PlyCount "42"]
[EventDate "2012.06.02"]

1. c4 Nf6 2. d4 g6 3. f3 d5 4. cxd5 Nxd5 5. e4 Nb6 6. Nc3 Bg7 7. Be3 O-O 8. Qd2
Qd6 9. a4 e5 10. Nb5 Qe7 11. d5 Na6 12. a5 Nd7 13. Bc4 Nf6 14. Nxa7 Bd7 15.
Bxa6 bxa6 16. Rc1 Nxe4 17. fxe4 Qh4+ 18. Bf2 Qxe4+ 19. Ne2 Bh3 20. Nc6 Rae8 21.
Rg1 Bg4 {after 20 move} 1-0

[Event "First Saturday Tournaments - G"]
[Site "Budapest"]
[Date "2012.06.06"]
[Round "5.1"]
[White "Rajlich, Iweta"]
[Black "Boros, Denes"]
[Result "0-1"]
[WhiteElo "2441"]
[BlackElo "2475"]
[PlyCount "92"]
[EventDate "2012.06.02"]

1. Nf3 c5 2. g3 Nc6 3. Bg2 e5 4. d3 d5 5. O-O Be7 6. e4 d4 7. Nbd2 Bg4 8. a4
Qd7 9. Nc4 f6 10. c3 h5 11. cxd4 cxd4 12. Qb3 g5 13. Bd2 h4 14. Na5 Nxa5 15.
Bxa5 Be6 16. Qb5 b6 17. Qxd7+ Kxd7 18. Bd2 h3 19. Bh1 Nh6 20. Ne1 Rac8 21. Bf3
Bg4 22. Bxg4+ Nxg4 23. f3 Ne3 24. Rf2 Nc2 25. Rb1 Rc6 26. Kf1 Rb8 27. Nxc2 Rxc2
28. Ke1 b5 29. Kd1 Rc6 30. axb5 Rxb5 31. Ra1 a6 32. b4 Bxb4 33. Bxb4 Rxb4 34.
Rc2 Rcb6 35. Rac1 Rb2 36. Ra1 Rb1+ 37. Rc1 Rxa1 38. Rxa1 Rb2 39. Rxa6 Rxh2 40.
Ra7+ Kd6 41. Rh7 Kc5 42. Ke1 Kb4 43. f4 Kc3 44. Rh6 Kxd3 45. Rxf6 Ke3 46. fxe5
Rh1+ 0-1

[Event "First Saturday Tournaments - G"]
[Site "Budapest"]
[Date "2012.06.06"]
[Round "5.2"]
[White "Wittmann, Walter"]
[Black "Varga, Zoltan"]
[Result "0-1"]
[WhiteElo "2276"]
[BlackElo "2451"]
[PlyCount "45"]
[EventDate "2012.06.02"]

1. e4 e5 2. Nf3 d6 3. d4 Qe7 4. Nc3 c6 5. Be2 Nf6 6. O-O Qc7 7. a4 Be7 8. Re1
O-O 9. h3 h6 10. Bf1 Re8 11. b3 Nbd7 12. Ba3 b6 13. Qd2 Bf8 14. Rad1 exd4 15.
Nxd4 Nc5 16. f3 a6 17. Bb2 Qd7 18. Nf5 d5 19. Qe2 Nfxe4 20. fxe4 Nxe4 21. Nxh6+
gxh6 22. Qf3 Bc5+ 23. Kh1 0-1

[Event "First Saturday Tournaments - G"]
[Site "Budapest"]
[Date "2012.06.06"]
[Round "5.3"]
[White "Franco Alonso, Alejandro"]
[Black "Lalic, Bogdan"]
[Result "1/2-1/2"]
[WhiteElo "2463"]
[BlackElo "2507"]
[PlyCount "32"]
[EventDate "2012.06.02"]

1. c4 Nf6 2. g3 e5 3. Bg2 Nc6 4. Nf3 d5 5. cxd5 Nxd5 6. O-O Nb6 7. Nc3 Be7 8.
a3 O-O 9. b4 Re8 10. d3 Bf8 11. Bb2 a5 12. b5 Nd4 13. Nd2 a4 14. Rb1 c6 15.
bxc6 Nxc6 16. Nb5 Be6 1/2-1/2

[Event "First Saturday Tournaments - G"]
[Site "Budapest"]
[Date "2012.06.08"]
[Round "6.2"]
[White "Franco Alonso, Alejandro"]
[Black "Varga, Zoltan"]
[Result "1-0"]
[WhiteElo "2463"]
[BlackElo "2451"]
[PlyCount "49"]
[EventDate "2012.06.02"]

1. d4 d5 2. Nf3 a6 3. Bg5 Nf6 4. Bxf6 gxf6 5. e3 c5 6. c4 cxd4 7. exd4 dxc4 8.
Bxc4 b5 9. Bb3 Bb7 10. O-O Nc6 11. Nc3 Rc8 12. Re1 Na5 13. d5 Qb6 14. d6 Rd8
15. dxe7 Bxe7 16. Qe2 Qc5 17. Ne4 Qb4 18. Nxf6+ Kf8 19. Qe5 Bxf3 20. Nd7+ Kg8
21. gxf3 Rxd7 22. Re4 Qd6 23. Rg4+ Qg6 24. Rxg6+ hxg6 25. Bxf7+ 1-0

[Event "First Saturday Tournaments - G"]
[Site "Budapest"]
[Date "2012.06.09"]
[Round "7.1"]
[White "Wittmann, Walter"]
[Black "Boros, Denes"]
[Result "0-1"]
[WhiteElo "2276"]
[BlackElo "2475"]
[PlyCount "64"]
[EventDate "2012.06.02"]

1. e4 e5 2. Nf3 Nc6 3. Bb5 Nf6 4. O-O Bc5 5. Nxe5 Nxe5 6. d4 a6 7. dxe5 axb5 8.
exf6 Qxf6 9. Nc3 c6 10. Qd3 d6 11. Be3 Be6 12. Bxc5 dxc5 13. Qe3 Qd4 14. Qxd4
cxd4 15. Ne2 Bc4 16. Rfe1 c5 17. Nf4 b4 18. Nd3 b6 19. a3 bxa3 20. Rxa3 Rxa3
21. bxa3 Bxd3 22. cxd3 Kd7 23. Rb1 Kc6 24. Kf1 Ra8 25. Rb3 b5 26. Ke2 f6 27. f4
c4 28. dxc4 bxc4 29. Rb4 Kc5 30. Rb7 Rxa3 31. Rxg7 Ra2+ 32. Kd1 c3 0-1

[Event "First Saturday Tournaments - G"]
[Site "Budapest"]
[Date "2012.06.09"]
[Round "7.3"]
[White "Varga, Zoltan"]
[Black "Lalic, Bogdan"]
[Result "1/2-1/2"]
[WhiteElo "2451"]
[BlackElo "2507"]
[PlyCount "43"]
[EventDate "2012.06.02"]

1. Nf3 d5 2. d4 c5 3. c4 dxc4 4. d5 Nf6 5. Nc3 e6 6. e4 exd5 7. e5 Ne4 8. Qxd5
Nxc3 9. Qxd8+ Kxd8 10. bxc3 Nc6 11. Bxc4 Be6 12. Bxe6 fxe6 13. Ng5 Ke7 14. Be3
b6 15. f4 Rd8 16. Ke2 h6 17. Nf3 Kf7 18. Rhd1 Be7 19. Rd2 Rxd2+ 20. Nxd2 Rd8
21. g4 Rd7 22. h3 1/2-1/2

[Event "First Saturday Tournaments - G"]
[Site "Budapest"]
[Date "2012.06.10"]
[Round "8.2"]
[White "Lalic, Bogdan"]
[Black "Rajlich, Iweta"]
[Result "1/2-1/2"]
[WhiteElo "2507"]
[BlackElo "2441"]
[PlyCount "35"]
[EventDate "2012.06.02"]

1. d4 e6 2. e4 c5 3. d5 exd5 4. exd5 d6 5. Nf3 a6 6. a4 Be7 7. Be2 Bg4 8. O-O
Nf6 9. Nc3 O-O 10. Nd2 Bxe2 11. Qxe2 Re8 12. Nc4 Bf8 13. Qf3 Nbd7 14. Bf4 Nb6
15. Ne3 Nbd7 16. Nc4 Nb6 17. Ne3 Nbd7 18. Nc4 1/2-1/2

[Event "First Saturday Tournaments - G"]
[Site "Budapest"]
[Date "2012.06.10"]
[Round "8.3"]
[White "Franco Alonso, Alejandro"]
[Black "Wittmann, Walter"]
[Result "1-0"]
[WhiteElo "2463"]
[BlackElo "2276"]
[PlyCount "115"]
[EventDate "2012.06.02"]

1. Nf3 c5 2. c4 Nc6 3. d4 cxd4 4. Nxd4 Nf6 5. Nc3 e6 6. g3 Qb6 7. e3 Bb4 8. Be2
Ne4 9. Qd3 Nxc3 10. bxc3 Be7 11. O-O O-O 12. f4 a6 13. Rb1 Qc7 14. e4 b5 15.
Be3 d5 16. Nxc6 Qxc6 17. cxd5 exd5 18. exd5 Qd7 19. a4 Bd6 20. Bd4 Qh3 21. Qf3
Bf5 22. Rb2 Rfe8 23. axb5 Be4 24. Qf2 axb5 25. Bxb5 Reb8 26. Re1 Bxd5 27. c4
Be6 28. c5 Bc7 29. Bf1 Qf5 30. Bg2 Rxb2 31. Qxb2 Rb8 32. Qa1 Bd5 33. Qa4 h5 34.
Re8+ Kh7 35. Rxb8 Bxb8 36. Bxd5 Qxd5 37. Qc2+ g6 38. Qc3 Ba7 39. Qe3 Bb8 40. h4
Bc7 41. Kf2 Bb8 42. Ke1 Bc7 43. Bc3 Qh1+ 44. Kd2 Qg2+ 45. Kc1 Qf1+ 46. Kc2 Qg2+
47. Kd3 Qf1+ 48. Kd4 Qd1+ 49. Qd2 Qa4+ 50. Ke3 Qe8+ 51. Kf2 Bd8 52. Qd5 f6 53.
f5 Be7 54. c6 Bd8 55. Kf3 g5 56. hxg5 fxg5 57. Qe6 g4+ 58. Ke4 1-0

[Event "First Saturday Tournaments - G"]
[Site "Budapest"]
[Date "2012.06.11"]
[Round "9.1"]
[White "Franco Alonso, Alejandro"]
[Black "Boros, Denes"]
[Result "1-0"]
[WhiteElo "2463"]
[BlackElo "2475"]
[PlyCount "73"]
[EventDate "2012.06.02"]

1. Nf3 c5 2. c4 g6 3. d4 cxd4 4. Nxd4 Nc6 5. e4 Bg7 6. Be3 Nf6 7. Nc3 d6 8. Be2
O-O 9. O-O Bd7 10. Qd2 Nxd4 11. Bxd4 Bc6 12. f3 a5 13. Rab1 Nd7 14. Be3 Nc5 15.
b3 e6 16. Nd1 Qe7 17. Nf2 Rfd8 18. Rfc1 b6 19. Nd3 Bb7 20. Qe1 Re8 21. Qf2 f5
22. e5 Nxd3 23. Bxd3 Bxe5 24. Bxb6 Qg7 25. Bf1 Ra6 26. Rd1 Qh6 27. h3 Qf4 28.
Be2 Raa8 29. Kf1 d5 30. Rbc1 Qg5 31. cxd5 exd5 32. Bb5 Bg3 33. Qd4 Bf4 34. Rc6
Re5 35. Bc7 Rc8 36. Bxe5 Bxe5 37. Qxe5 1-0

[Event "First Saturday Tournaments - G"]
[Site "Budapest"]
[Date "2012.06.12"]
[Round "10.1"]
[White "Boros, Denes"]
[Black "Rajlich, Iweta"]
[Result "1/2-1/2"]
[WhiteElo "2475"]
[BlackElo "2441"]
[PlyCount "103"]
[EventDate "2012.06.02"]

1. e4 e6 2. d4 d5 3. Nd2 c5 4. Ngf3 Nf6 5. exd5 exd5 6. Bb5+ Bd7 7. Bxd7+ Nbxd7
8. O-O Be7 9. dxc5 Nxc5 10. Nb3 O-O 11. Nxc5 Bxc5 12. Bg5 d4 13. Ne5 Re8 14.
Nd3 Be7 15. Re1 Rc8 16. Qf3 Qd5 17. Rxe7 Rxe7 18. Qxd5 Nxd5 19. Bxe7 Nxe7 20.
Re1 Kf8 21. Re2 f6 22. Kf1 g5 23. Ke1 b6 24. Kd2 Kf7 25. a3 Rd8 26. Re4 Ng6 27.
g3 a5 28. Re1 Rd5 29. Re4 h5 30. f4 g4 31. a4 Ne7 32. Nc1 Nc6 33. Nd3 Ne7 34.
Nc1 h4 35. Ne2 hxg3 36. Nxg3 f5 37. Re2 Ng6 38. Rf2 Nf8 39. Re2 Ne6 40. Re1 Nc5
41. b3 d3 42. Re3 Kf6 43. cxd3 Nxb3+ 44. Kc3 Nc5 45. Kc4 Rd8 46. Re5 Nxd3 47.
Rxf5+ Ke6 48. Rb5 Nxf4 49. Rxb6+ Kf7 50. Ne4 Rc8+ 51. Kb5 Ke7 52. Kxa5 1/2-1/2

[Event "First Saturday Tournaments - G"]
[Site "Budapest"]
[Date "2012.06.12"]
[Round "10.2"]
[White "Varga, Zoltan"]
[Black "Wittmann, Walter"]
[Result "1-0"]
[WhiteElo "2451"]
[BlackElo "2276"]
[PlyCount "111"]
[EventDate "2012.06.02"]

1. e4 c5 2. Nf3 Nc6 3. Bb5 d6 4. d4 cxd4 5. Qxd4 Nf6 6. Nc3 Nd7 7. Qa4 e6 8.
Bxc6 bxc6 9. Qxc6 Rb8 10. Qa4 Be7 11. O-O O-O 12. Qxa7 Rb6 13. Qa5 Nc5 14. Na4
Nxa4 15. Qxa4 d5 16. c3 dxe4 17. Qxe4 Bb7 18. Qe2 Ba6 19. c4 Bf6 20. Rb1 Qc8
21. Nd2 Qa8 22. Ne4 Bd4 23. Ng5 e5 24. b3 Rg6 25. Kh1 h6 26. Nf3 Bb7 27. Be3
Bxe3 28. fxe3 f5 29. Rbe1 Be4 30. Rf2 Re8 31. Nd2 Bc6 32. e4 fxe4 33. Nxe4 Rd8
34. Nc3 Rd4 35. Kg1 e4 36. Nd1 Rd3 37. Ne3 Kh7 38. h3 Qa7 39. Kh1 Qd4 40. Kh2
Qe5+ 41. Kg1 Qd4 42. Kf1 Bb7 43. Nf5 Qd7 44. Ne3 Qd4 45. Qb2 Qd6 46. Kg1 Qg3
47. Nf1 Qxh3 48. Rf7 Qh4 49. Qf2 Qh5 50. Rxb7 Rh3 51. Qf4 Rh4 52. Ng3 Qa5 53.
Qxh4 Qxe1+ 54. Kh2 e3 55. Re7 Qf2 56. a4 1-0

[Event "First Saturday Tournaments - G"]
[Site "Budapest"]
[Date "2012.06.12"]
[Round "10.3"]
[White "Lalic, Bogdan"]
[Black "Franco Alonso, Alejandro"]
[Result "0-1"]
[WhiteElo "2507"]
[BlackElo "2463"]
[PlyCount "56"]
[EventDate "2012.06.02"]

1. Nf3 Nf6 2. c4 e6 3. g3 d5 4. d4 dxc4 5. Bg2 b5 6. a4 c6 7. axb5 cxb5 8. Ne5
Nd5 9. Nc3 Bb4 10. O-O Bxc3 11. e4 Bxb2 12. exd5 Bxa1 13. Ba3 exd5 14. Qh5 g6
15. Nxg6 hxg6 16. Qxh8+ Kd7 17. Qe5 Kc6 18. Rxa1 Be6 19. Bf3 a5 20. Bc5 Na6 21.
Be7 Qc7 22. Qg5 b4 23. Bd1 Qb6 24. Ba4+ Kb7 25. Qe5 Rc8 26. h4 b3 27. h5 gxh5
28. Qxh5 b2 0-1